| 000 | 00000nam##2200000za#4500 |
| 001 | 9.647857 |
| 003 | CaOODSP |
| 005 | 20240209132410 |
| 007 | ta |
| 008 | 150407|1998||||xxc||||| f|0| 0 eng|d |
| 020 | |a0-662-29292-8 |
| 040 | |aCaOODSP|beng |
| 043 | |an-cn--- |
| 086 | 1 |aC89-4/76-1998E |
| 110 | 2 |aAtlantic Canada Opportunities Agency. |
| 245 | 10|aReport on client impact and satisfaction of Nova Scotia CBCD's / |cIssued by Atlantic Canada Opportunities Agency, Evaluation and Econometrics Division. |
| 260 | |aMoncton - New Brunswick : |bAtlantic Canada Opportunities Agency |c1998. |
| 300 | |aiii, 18p. : |btables ; |c28 cm. |
| 500 | |aIncludes appendix. |
| 563 | |aProcessed |
| 590 | |a00-42|b2000-10-20 |
| 690 | 07|aBusinesses|2gcpds |
| 690 | 07|aAid programs|2gcpds |
| 690 | 07|aEntrepreneurship|2gcpds |
| 775 | 08|tRapport concernant les effets des CLDE de la Nouvelle-Écosse sur leurs clients et leur satisfaction / |w(CaOODSP)9.681236 |
| 776 | 0#|tReport on client impact and satisfaction of Nova Scotia CBDCs |w(CaOODSP)9.695309 |